Intsrumentos en manos de Dios : meditación teológica sobre San Ignacio y la Compañía de Jesús / [por] Julio Jiménez B.

Сохранить в:
Библиографические подробности
Главный автор: Jiménez B., Julio (autor)
Формат:
Предметы:
Метки: Добавить метку
Нет меток, Требуется 1-ая метка записи!

MARC

LEADER 00000nam^a2200000^u^4500
001 000545509
005 20250521000000.0
008 060220s1000^^^^^^^^^^^^r^^^^^000^0^spa^d
009 20260310131350.188
035 |a FMI 000014927 
037 |a Acervo Xavier Clavigero 
096 |a 4.4.2/44/D 
100 |a Jiménez B., Julio  |e (autor) 
245 1 0 |a Intsrumentos en manos de Dios : meditación teológica sobre San Ignacio y la Compañía de Jesús / [por] Julio Jiménez B. 
264 |a Santiago de Chile : Revista Mensaje, 1956 
300 |a 50 p. 
336 |a texto  |b txt  |2 rdacontenido 
337 |a sin mediación  |b n  |2 rdamedio 
338 |a volumen  |b nc  |2 rdasoporte 
649 |a XX 
650 |a TEXTOS CLASICOS DE EJERCICIOS 
910 |a Fondo Francisco Migoya Covarrubias S.J. 
920 |a Impresos - Libros 
930 |a Fondos Especiales 
905 |a 134 
901 |a SBC22280  |b IT2  |c ESP  |u 20250521 
902 |a https://opac.biblio.iteso.mx/vufind/Record/000545509